Derecho y razón práctica

保存先:
書誌詳細
第一著者: Alexy, Robert (著者)
フォーマット: 図書
言語:スペイン語
出版事項: Ciudad de México Fontamara 1993
シリーズ:Biblioteca de Etica, Filosofía del Derecho y Política, 30
主題:
タグ: タグ追加
タグなし, このレコードへの初めてのタグを付けませんか!

MARC

LEADER 00000nam a2200000 a 4500
001 UCT4294
003 CL-VaPUC
008 961108e19930000MX |||||||||||||||||spa|d
082 0 4 |a 340.1  |b ALE  |2 21 
100 0 |a Alexy, Robert  |e author  |9 373551 
245 1 0 |a Derecho y razón práctica 
300 |a 73 p 
942 |c BK 
945 |d 19961108 00:00:00  |a nastorga 
260 |a Ciudad de México  |b Fontamara  |c 1993 
650 7 |a SISTEMA JURIDICO  |2 CL-VaPUC  |9 373552 
650 0 |a Razonamiento  |9 256520 
650 0 |a Discursos   |9 265028 
650 0 |a Moral  |9 265913 
650 0 |a Argumentación   |9 257103 
583 |a last modification  |c 20161026 06:00:15  |k Rodrigo Vera 
490 0 |a Biblioteca de Etica, Filosofía del Derecho y Política, 30 
999 |c 253700  |d 253698 
952 |0 0  |1 0  |4 0  |6 340_100000000000000_ALE_1993  |7 0  |8 DER_TF  |9 274744  |a BIBDER  |b BIBDER  |d 2019-11-19  |i 3249743  |l 1  |o 340.1 ALE 1993  |p 3249743  |r 2020-03-23  |s 2020-03-16  |w 2019-11-19  |x Ubicación 4to Piso  |y BK  |z Estos recursos deben solicitarse con anticipación  |k DER